Ghost of Chicago - Noah Floersch (all lyrics) - Statistics

General Stats
  • This quiz has been taken 10 times
  • The average score is 72 of 172
Answer Stats
Lyrics % Correct
Chicago
100%
ghost
100%
I
100%
of
100%
The
83%
the
83%
she
67%
She
67%
She's
67%
there
67%
There
67%
and
50%
at
50%
everywhere
50%
for
50%
her
50%
her,
50%
I'm
50%
lookin'
50%
looking
50%
me
50%
never
50%
on
50%
See
50%
was
50%
be
33%
coffee
33%
found
33%
gets
33%
in
33%
It's
33%
lost
33%
married
33%
my
33%
Now
33%
out
33%
Till
33%
to
33%
tomorrow
33%
way
33%
again
17%
always
17%
By
17%
down
17%
find
17%
Glaring
17%
goin'
17%
got
17%
haunted
17%
haunting
17%
here
17%
honestly
17%
is
17%
likes
17%
love
17%
morning
17%
Oh
17%
Saw
17%
somehow
17%
stares
17%
surface
17%
Through
17%
afterlife
0%
All
0%
all
0%
awfully
0%
Beside
0%
called
0%
clear
0%
Clementine
0%
fallin'
0%
fountain
0%
glassy
0%
honored
0%
into
0%
Lucky
0%
people
0%
think
0%
Upon
0%
water
0%
with
0%
No matching quizzes found
Score Distribution
Percent of People with Each Score
Percentile by Number Answered
Your Score History
You have not taken this quiz